Capitals Starting with 'H' - Statistics

General Stats
  • This quiz has been taken 308 times
  • The average score is 4 of 5
Answer Stats
Continent Capital % Correct
Asia Hanoi
95%
Europe Helsinki
94%
North America Havana
93%
Africa Harare
87%
Oceania Honiara
79%
No matching quizzes found
Score Distribution
Percent of People with Each Score
Percentile by Number Answered
Your Score History
You have not taken this quiz